000 00980nam a22003137a 4500
003 CHAP
005 20220329133224.0
008 971013s1990 r 10010 d
010 _a3567
011 _a4539
035 _a3743
040 _cCHAP
090 _aFolleto 14646
111 0 0 _aReunión Nacional de Estudiantes Forestales (
_n1
_d: 1990
_c: Durango, Dgo.)
_996479
245 _aResúmenes de ponencias
260 _aChapingo, Méx. :
_bUACH. División de Ciencias Forestales,
_c1990
300 _a71 p
500 _aD50-137
590 _aBATCH-UPD
_b10
_c20130110
_lUCH01
_h1655
590 _aBATCH-UPD
_b10
_c20130410
_lUCH01
_h1044
590 _aBATCH-UPD
_b10
_c20130914
_lUCH01
_h0706
590 _aCONVERSION
_b10
_c20130109
_lUCH01
_h1303
650 1 4 _aBosques
_xCongresos.
_914116
650 1 4 _aEnseñanza forestal.
_937093
650 1 4 _aRecursos forestales.
_995025
901 _aBK
942 _cFOLL
949 _aFolleto 14646
_bBC
_cUACH
_d-13268
_eUACH
_i3743
_mD
_si
999 _c3567
_d3567